Movies Quiz

Random Movies or Disney Quiz

Animated Movie Taglines Quiz Stats

Quiz Updated Jan 10, 2018

Challenge
Share
Tweet
Embed
Score 0/25 Timer 05:00
16 Plays Today
% Correct
Finding Nemo
97.8%
Toy Story
97.3%
The Lion King
97.1%
Snow White and the Seven Dwarfs
96.9%
Shrek
96.7%
Wreck-It Ralph
95.2%
The Brave Little Toaster
94.3%
Shark Tale
94.1%
Madagascar
92.8%
Wall-E
92.7%
Ice Age
90.9%
The Fox and the Hound
90.7%
Lady and the Tramp
90.2%
% Correct
Pinocchio
89.4%
Chicken Little
88.8%
Fantasia
86.4%
Monsters, Inc.
85.5%
Mulan
83.8%
Kung Fu Panda
81%
Despicable Me
77.4%
101 Dalmatians
75%
Aladdin
74.4%
Cars
74%
A Goofy Movie
72.8%
Brother Bear
70.3%

You're not logged in!

Compare scores with friends on all Sporcle quizzes.
Sign Up with Email
OR
Log In

You Might Also Like...

Show Comments

Extras

Top Quizzes Today


Score Distribution

Your Account Isn't Verified!

In order to create a playlist on Sporcle, you need to verify the email address you used during registration. Go to your Sporcle Settings to finish the process.

Report this User

Report this user for behavior that violates our Community Guidelines.

Details: